000 00529nam a22001817a 4500
005 20140801125247.0
010 _aENG-109964
020 _a9789351431466
_c150.00
035 _aEN-93497
037 _bDBAD/PUB
082 _a340
100 _aRosedar, S.R.A.
245 _aJurisprudence /
_cby S.R.A. Rosedar
260 _aGurgaon
_bLexis Nexis
_c2014
270 _a14th Floor, Bldg No.10, Tower-B, DLF Cyber City, Phase-II
_bGurgaon
_e122002
300 _aviii,109p.
_c22cm(pbk)
942 _2ddc
_cEN
_mROS
_h340
999 _c84399
_d84399